Financial Innovations Involving the Greek Drachma

Na minha lista:
Detalhes bibliográficos
Autor principal: Papaioannou, Michael
Outros Autores: Gatzonas, E.K
Formato: Livro
Idioma:inglês
Publicado em: Washington International Monetary Fund 1997
Edição:1. ed.
Colecção:IMF Working Paper 14
Assuntos:
Tags: Adicionar Tag
Sem tags, seja o primeiro a adicionar uma tag!

MARC

LEADER 00000nam a2200000 4500
001 c020914
005 20221129110153.6
041 0 |a eng 
044 |a US 
245 1 0 |a Financial Innovations Involving the Greek Drachma  |c Michael Papaioannou, E.K. Gatzonas 
250 |a 1. ed. 
264 1 |a Washington  |b International Monetary Fund  |c 1997 
300 |a 49 s. 
490 1 |a IMF Working Paper  |v 14 
830 0 |a IMF Working Paper  |v 14 
610 2 0 |a peniaze 
610 2 0 |a mena 
610 2 0 |a drachma 
610 2 0 |a inovácia 
610 2 0 |a Grécko 
610 2 0 |a politika finančná 
610 2 0 |a politika menová 
610 2 0 |a politika peňažná 
100 1 |a Papaioannou, Michael 
700 1 |a Gatzonas, E.K.